• 首页
  • 本馆介绍
  • 公告通知
  • 最新文献
  • 馆藏检索
  • 电子资源
  • 读者导购
  • 参考咨询
  • 我的图书馆
  • 登录
  • 详细信息显示
  • 放入我的书架
  • 预约/预借图书
  • 作者相关作品
  • 分类相关作品
  • 丛书相关作品
  • 出版社相关作品

书目信息

  • 表格格式
  • 工作单格式
  • 卡片格式
题名:
中华糖艺
    
 
作者: 孟爽 主编
分册:  
出版信息: 北京   中国林业出版社  2004.09
页数: 74页
开本: 29cm
丛书名: 创意美食系列
单 册:
中图分类: TS972.114
科图分类:
主题词: 食糖--造型设计
电子资源:
ISBN: 7-5038-3856-6
000 00911nam 2200289 450
001 0104000024
005 20051124115123.1
010    @a7-5038-3856-6@dCNY45.00
016    @aCN-X48-04-0002-0
100    @a20081124d2004 ekmy0chiy0120 ea
101 0  @achi
102    @aCN@b110000
105    @aa z 000yy
106    @ar
200 1  @a中华糖艺@AZhong Hua Tang Yi@f孟爽主编@FMeng Shuang Zhu Bian
210    @a北京@c中国林业出版社@d2004.09
215    @a74页@c彩图@d29cm@e光盘1张
225 2  @a创意美食系列
300    @a糖艺培训最佳教材
330    @a糖艺, 即糖塑艺术。本书精选近年来创作的作品, 运用食品雕刻、面塑等多种技法, 融合了中西方糖艺的特点, 充分展现了糖艺的魅力。
410  0 @12001 @a创意美食系列
606 0  @a食糖@x造型设计
690    @aTS972.114@v4
701  0 @a孟爽@AMeng Shuang@4主编
801  0 @aCN@bHTDF@c20081124
905    @aBZT@dTS972.114@e10@f10
906    @dCNY45.00 (含光盘@n0@r1
    
    中华糖艺/孟爽主编.-北京:中国林业出版社,2004.09
    74页:彩图;29cm+光盘1张.-(创意美食系列)
    糖艺培训最佳教材
    
    ISBN 7-5038-3856-6:CNY45.00
    糖艺, 即糖塑艺术。本书精选近年来创作的作品, 运用食品雕刻、面塑等多种技法, 融合了中西方糖艺的特点, 充分展现了糖艺的魅力。
●
相关链接 在五车中查询图书 在当当中查询图书 在豆瓣中查询图书


正题名:中华糖艺     索取号:TS972.114/10         预约/预借

序号 登录号 条形码 馆藏地/架位号 状态 备注
1 715532   2000715532   中心书库中库/ 中库024架A面2列7层9/ [索取号:TS972.114/10] 在馆    
2 715534   2000715534   中心书库中库/ 中库024架A面2列7层10/ [索取号:TS972.114/10] 在馆    
3 715535   2000715535   中心书库中库/ 中库024架A面2列7层11/ [索取号:TS972.114/10] 在馆    
4 715536   2000715536   中心书库中库/ 中库024架A面2列7层13/ [索取号:TS972.114/10] 在馆    
5 715537   210059381   中心书库中库/ 中库024架A面2列7层16/ [索取号:TS972.114/10] 在馆    
6 715538   2000715538   中心书库中库/ 中库024架A面2列7层15/ [索取号:TS972.114/10] 在馆    
7 715539   2000715539   中心书库中库/ 中库024架A面2列7层12/ [索取号:TS972.114/10] 在馆    
8 715540   2000715540   中心书库中库/ 中库024架A面2列7层14/ [索取号:TS972.114/10] 在馆    
9 715541   2000715541   中心书库中库/ 中库024架A面2列7层8/ [索取号:TS972.114/10] 在馆    
山东省滨州职业学院图书馆 欢迎您!
大连网信软件有限公司© 版权所有